Biggest Trading Partners - Belarus - Statistics

General Stats
  • This quiz has been taken 65 times
  • The average score is 27 of 30
Answer Stats
Exports Country % Correct
9.90 bil Russia
100%
22.40 bil Russia
100%
1.44 bil United Kingdom
100%
0.16 bil United Kingdom
100%
2.65 bil Ukraine
98%
1.90 bil Ukraine
98%
0.60 bil China
97%
1.08 bil China
97%
0.75 bil Germany
97%
2.45 bil Germany
97%
0.54 bil Lithuania
97%
0.15 bil Lithuania
97%
1.73 bil Poland
97%
0.92 bil Poland
97%
0.43 bil France
95%
2.14 bil Latvia
93%
0.29 bil Italy
92%
0.63 bil Italy
92%
0.30 bil United States
92%
0.32 bil Estonia
90%
0.30 bil India
85%
0.26 bil Japan
80%
0.30 bil Kazakhstan
79%
0.16 bil Kazakhstan
79%
5.53 bil Netherlands
77%
0.26 bil Netherlands
77%
0.21 bil Belgium
75%
1.07 bil Brazil
66%
0.23 bil Czechia
62%
0.20 bil Moldova
61%
No matching quizzes found
Score Distribution
Percent of People with Each Score
Percentile by Number Answered
Your Score History
You have not taken this quiz